000 00381nam a2200145Ia 4500
005 20250408050303.0
008 240331s9999 xx 000 0 und d
082 _bSAM
_a070
100 _aSamanthan, S. M
245 0 _aTamil iIthazhiyal kalunjiam
260 _aMadras
_bThamilar Pathippagam
_c1990
300 _avii, 264 p .,
500 _aTreasures of Tamil Journalism
942 _cL
999 _c3580
_d3580